|
|
|
|
| LEADER |
00000nam0a2200000 4500 |
| 001 |
342051 |
| 005 |
20231216104938.0 |
| 035 |
|
|
|a (RuTPU)RU\TPU\book\370535
|
| 090 |
|
|
|a 342051
|
| 100 |
|
|
|a 20181127d2018 k y0rusy50 ca
|
| 101 |
0 |
|
|a rus
|
| 102 |
|
|
|a RU
|
| 105 |
|
|
|a a dm 001zy
|
| 200 |
1 |
|
|a Изменения подземного стока таежной зоны Западной Сибири в голоцене
|e автореферат диссертации на соискание ученой степени кандидата геолого-минералогических наук
|e спец. 25.00.07
|f Ю. А. Моисеева
|g Национальный исследовательский Томский политехнический университет (ТПУ) ; науч. рук. О. Г. Савичев
|
| 210 |
|
|
|a Томск
|c [Б. и.]
|d 2018
|
| 215 |
|
|
|a 22 с.
|c ил.
|
| 300 |
|
|
|a Защита сост. 27.11.2018 г.
|
| 320 |
|
|
|a Библиогр.: с. 22 (9 назв.)
|
| 452 |
|
1 |
|0 (RuTPU)RU\TPU\book\369424
|t Изменения подземного стока таежной зоны Западной Сибири в голоцене
|o автореферат диссертации на соискание ученой степени кандидата геолого-минералогических наук
|o спец. 25.00.07
|f Ю. А. Моисеева
|g Национальный исследовательский Томский политехнический университет (ТПУ); науч. рук. О. Г. Савичев
|c Томск
|d 2018
|a Моисеева, Юлия Александровна
|
| 606 |
1 |
|
|a Сток подземный
|2 stltpush
|3 (RuTPU)RU\TPU\subj\57090
|9 74956
|
| 606 |
1 |
|
|a Голоценовые отложения
|2 stltpush
|3 (RuTPU)RU\TPU\subj\7416
|9 35083
|
| 610 |
1 |
|
|a Западная Сибирь
|
| 610 |
1 |
|
|a таежная зона
|
| 610 |
1 |
|
|a подземные стоки
|
| 610 |
1 |
|
|a суммарный сток
|
| 610 |
1 |
|
|a формирование
|
| 610 |
1 |
|
|a математические модели
|
| 610 |
1 |
|
|a реконструкция
|
| 610 |
1 |
|
|a долгосрочный прогноз
|
| 610 |
1 |
|
|a авторефераты диссертаций
|
| 610 |
1 |
|
|a труды учёных ТПУ
|
| 675 |
|
|
|a 556.168(04)
|v 4
|
| 675 |
|
|
|a 551.794(04)
|v 4
|
| 686 |
|
|
|a 25.00.07
|2 oksvnk
|
| 700 |
|
1 |
|a Моисеева
|b Ю. А.
|c гидрогеолог
|c инженер Томского политехнического университета
|f 1993-
|g Юлия Александровна
|3 (RuTPU)RU\TPU\pers\38021
|
| 702 |
|
1 |
|a Савичев
|b О. Г.
|c геолог
|c профессор Томского политехнического университета, доктор географических наук
|f 1967-
|g Олег Геннадьевич
|3 (RuTPU)RU\TPU\pers\25454
|4 727
|9 11394
|
| 712 |
0 |
2 |
|a Национальный исследовательский Томский политехнический университет (ТПУ)
|c (2009- )
|3 (RuTPU)RU\TPU\col\15902
|
| 801 |
|
1 |
|a RU
|b 63413507
|c 20181127
|
| 801 |
|
2 |
|a RU
|b 63413507
|c 20190109
|g RCR
|
| 942 |
|
|
|c BK
|